000 02029cam a2200409 i 4500
001 14396879
003 EG-ScBUE
005 20241120111413.0
008 060601t2008 nyua f 001 0 eng d
020 _a9780071101516
020 _a007128575X
035 _a(OCoLC)ocm69734572
035 _a(OCoLC)69734572
040 _aDLC
_beng
_erda
_cDLC
_dBAKER
_dC#P
_dBTCTA
_dNLGGC
_dYDXCP
_dDLC
082 0 4 _a519.5
_222
_bLIN
100 1 _aLind, Douglas A.,
_eauthor.
_92873
245 1 0 _aStatistical techniques in business & economics with global data sets /
_cDouglas A. Lind, Coastal Carolina University and the University of Toledo, William G. Marchal, The University of Toledo, Samuel A. Wathen, Coastal Carolina University.
246 3 _aStatistical techniques in business and economics
250 _aThirteenth edition.
250 _aMcGraw- Hill international edition.
264 1 _aNew York :
_bMcGraw-Hill/Irwin,
_c[2008]
264 4 _cc2008
300 _axvii, 860 pages :
_bcolor illustrations ;
_c28 cm
336 _2rdacontent
_atext
_btxt
337 _aunmediated
_2rdamedia
_bn
338 _avolume
_bnc
_2rdacarrier
500 _aIncludes index.
650 7 _aSocial sciences
_xStatistical methods.
_2BUEsh
_92875
650 7 _aEconomics
_xStatistical methods.
_2BUEsh
_92876
650 7 _aCommercial statistics.
_2BUEsh
_92877
655 _vReading book
700 1 _aMarchal, William G.,
_eauthor.
_92878
700 1 _aWathen, Samuel Adam,
_eauthor.
_92879
856 4 1 _3Table of contents only
_uhttp://www.loc.gov/catdir/toc/ecip0614/2006018157.html
942 _2ddc
_cBB
999 _c11129
_d11129